Quizzes
Events
Quiz Creation
Community
Videos
Private Events
Remove Ads
Sign In
Join for FREE
Feedback
Dark Mode
Quiz Categories
Sports
Geography
Music
Movies
Television
Just For Fun
Miscellaneous
History
Literature
Language
Science
Gaming
Entertainment
Religion
Holiday
For Kids
Quiz Lab
Recent
Popular Today
Quiz Kudos Today
Editor Picks
Curator Picks
Quizzes by...
Day
Popularity
Type
Ratings
Length
Year
Community
Subscriptions
Recent Discussions
Orange Saloon
Badges
Playlists
Quests
Create
Leaderboards
Showdown
Live 5
Trivia Bingo
Activity
Puzzle Library
Sporcle Events
Private Events
Virtual Trivia
Globe League
Become a Host
Pub Owners
SporcleCon
Opinionation
Our Games
Videos
Blog
Mobile Apps
Partnerships
Remove Ads and Go Orange
Feedback
Geography
Country
Landmarks
City
State
Population
World
Capital
Continent
Flags
Europe
Africa
Asia
South America
North America
Oceania
Border
Canada
United Kingdom
Topography
United States
Geography
Country
Landmarks
City
State
Population
World
Capital
Continent
Flags
Europe
Africa
Asia
South America
North America
Oceania
Border
Canada
United Kingdom
Topography
United States
Random Quiz
Search Sporcle
×
Quiz Lab
Quiz Lab
Geography
minnesota
Type in answers that appear in a list
Type in answers that appear in a list
Classic
Best Score? Go Orange.
Neighborhoods of Duluth, MN Stats
Can you name the neighborhoods of Duluth, MN?
By
aaron_grossman
7m
30 Questions
262 Plays
262 Plays
262 Plays
Comments
Comments
Give Quiz Kudos
Give Quiz Kudos
-
- Ratings
hide this ad
Replay
Link that replays current quiz
Next Quiz
Link to next quiz in quiz playlist
You Got
0%
They Got
Avg Score
52%
Avg Friend Score
Upgrade to see
Score Distribution
Jump to the score distribution portion of the page
Score
0/30
Timer
07:00
0
Plays Today
Neighborhood
% Correct
Lakeside – Lester Park
86.3%
Downtown Duluth
79.8%
Central Hillside
79%
Woodland
77.5%
Gary – New Duluth
74.8%
Canal Park
73.3%
Park Point
70.2%
Morgan Park
70.2%
Lincoln Park
67.2%
Congdon Park
66.4%
Chester Park/UMD
66%
Duluth Heights
65.3%
Piedmont Heights
60.7%
East Hillside
57.3%
Kenwood
51.1%
Neighborhood
% Correct
Endion
50%
Denfeld
47.3%
Hunter's Park
44.3%
Spirit Valley
40.8%
Riverside
39.3%
Smithville
38.9%
Fond du Lac
38.2%
Morley Heights/Parkview
35.1%
North Shore
32.8%
Norton Park
30.5%
Irving
29.4%
Oneota
27.1%
Bayview Heights
24%
Fairmount
23.7%
Cody
21%
Quiz Playlist
Details
Report
Send in Message
Add To Playlist
Classic:
Type in answers that appear in a list
Quiz Source
Last Updated: Feb 16, 2017
Quiz Scoreboard
CHALLENGE
Sign Up to Join the Scoreboard
Show All
Scores
Hide
Comments
May contain spoilers
Recently Published
Decade Duel: World Leaders
by jenniferyan
History
4m
Alphabetical 'K' Countries by Flag Minefield
by ylime102
Geography
3m
Pick 6: Fruits
by JohnFran
Miscellaneous
15s
More to Explore
Quiz From the Vault
Featured Blog Post
15 Basketball Trivia Facts You Can Be March Mad About
hide this ad
You Might Also Like...
Tags
minnesota
Minnesota Cities
neighborhood
Today's Top Quizzes in Geography
Browse Geography
hide this ad
Today's Top Quizzes in minnesota
Browse minnesota
Top Contributed Quizzes in Geography
1
Countries of the World - No Outlines Minefield
2
Pick 6: Mountains
3
Least Populated Answer: 'G' Countries
4
Alphabetical 'L' Countries By Flag Minefield
5
Lietuvos savivaldybės (Lithuanian Municipalities)
6
Alphabetical 'M' Countries By Flag Minefield
7
Pick 6: National Parks
8
Pick 6: US States
9
'A' Countries In Alphabetical Order by Flag
10
African Flag Reveal XXXVI
Explore More
Trending Topics
Kpop
NBA
Marvel
Crossword
Harry Potter
Disney
Anime
WWE
The Office
Puzzle
Country
Pokémon
Soccer
NFL
Song
hide this ad
More By:
aaron_grossman
Quiz
Plays
Rating
Category
Featured
Created
RBI Teammate Pairs
8,141
4.74
Sports
Feb 21, 2014
MLB 1000 hits in both Leagues
5,743
3.96
Sports
May 13, 2014
Storm the Court
1,557
4.23
Sports
Mar 10, 2013
MLB One Position Only
415
4.60
Sports
Jun 8, 2015
Neighborhoods of Duluth, MN
262
4.67
Geography
Jan 20, 2013
Go to Creator's Profile
Score Distribution
Quiz Creator Spotlight
aaron_grossman
Follow
Send a Message
Quizzes Created
-
Created Quiz Play Count
-
More By This Creator
Popular Quizzes Today
1
Countries of Asia Without Outlines Minefield
2
Find the US States - No Outlines Minefield
3
Pick 6: Fruits
4
Alphabetical 'K' Countries by Flag Minefield
5
The Countries of the World
6
Find the Countries of Europe - No Outlines Minefield
7
Find the US States
8
US States
More Geography Quizzes
Diwali Countries
Curator's Pick
Trending Quizzes
Pick 6: Mountains
Pick 6: Harry Potter
Pick 6: Flags
Pick 6: NFL Teams
Pick 6: Movie Franchises
Recently Updated
Adaptations: Name the Title
pecheneg
NWSL Teams
pecheneg
Women's Final Four Teams by Year
bhenderson79
Presidents Quartet II
eogle
Anything But Clue(do)
eogle
Anything But Oceanian Capitals
eogle
Anything But 7
eogle
Anything But Thing
eogle
Word Ladder: February 29
pecheneg
Song Title Questions
pecheneg
Trending Topics
Harry Potter
Anime
Marvel
Disney
NBA
Crossword
Kpop
The Office
Puzzle
Soccer
Song
NFL
Country
WWE
Pokémon
Your Account Isn't Verified!
In order to create a playlist on Sporcle, you need to verify the email address you used during registration. Go to your
Sporcle Settings
to finish the process.
Report this User
Report this user for behavior that violates our
Community Guidelines
.
Details:
Send Report
Go to the Sporcle.com Mobile Site →
Comments